| 000 | 01379nam a2200361 c 4500 | ||
|---|---|---|---|
| 003 | BLK | ||
| 005 | 20180808160835.0 | ||
| 008 | 180408b bul|||||r ||||||| ||bul|| | ||
| 010 | _aKNG00076438000 | ||
| 020 |
_a978-954-771-207-2 _bиздат.: Кръгозор |
||
| 040 | _aBLK | ||
| 041 |
_aBUL _cBUL |
||
| 072 | 7 |
_2bullib _aН80 _xЕзикознание Н |
|
| 080 |
_aБългарски език _b811.163.2 _x-5 _z811.163.2-5 |
||
| 100 | 1 |
_aКръстева, Весела Георгиева _eпърви автор _9259976 |
|
| 139 |
_aКръстева, Весела Георгиева _bК 92 |
||
| 245 | 1 | 0 |
_aПрактическа граматика на съвременния български език _cВесела Георгиева Кръстева. |
| 250 | _a2. прераб. и доп. изд. | ||
| 257 | _aBGR | ||
| 260 |
_аСофия _bКръгозор _c2009 _fСофия : Експреспринт |
||
| 300 |
_a192 с. _bс табл., сх. _c21 см |
||
| 380 | _a80 | ||
| 500 | _aСъдържа и за авт. | ||
| 650 | 4 |
_aБългарски език - граматика _9245185 |
|
| 653 | _aбългарски език | ||
| 653 | _aграматика | ||
| 659 | _aН | ||
| 852 | _aЦб 253163 | ||
| 856 | 4 |
_qpdf _u |
|
| 856 | 4 |
_qpdf _u |
|
| 942 |
_cKNG _n0 _01 |
||
| 944 |
_aCR _c07.10.2011 _lф / _kЛюдмила_Стоянова |
||
| 944 |
_aED _c24.01.2012 _lф / _k |
||
| 999 |
_c72065 _d72065 |
||